000 00822cam a22002654a 4500
999 _c124846
_d124846
001 14763263
005 20211202095103.0
008 070307s2008 flua bf 001 0 eng
020 _a9781420047431 (hardcover : alk. paper)
020 _a1420047434 (hardcover : alk. paper)
040 _cPK-LaUMT
082 0 0 _a615.1
_222
_bEBA-D
100 1 _aEbadi, Manuchair S.
245 1 0 _aDesk reference of clinical pharmacology /
_cBY Manuchair Ebadi
250 _a2nd ed.
260 _aBoca Raton :
_bCRC Press,
_c2008
300 _axxviii, 791 p. :
_bill. ;
_c29 cm.
650 0 _aClinical pharmacology
650 1 2 _aPharmaceutical Preparations
_xadministration & dosage
650 2 2 _aDrug Therapy
650 2 2 _aPharmacokinetics
650 2 2 _aPharmacology, Clinical
700 1 _aEbadi, Manuchair S.
942 _cBK